| 000 | 00402nam a22001817a 4500 | ||
|---|---|---|---|
| 999 |
_c6403 _d6401 |
||
| 005 | 20210904111801.0 | ||
| 008 | 200521b xxu||||| |||| 00| 0 eng d | ||
| 020 | _a9788180389924 | ||
| 041 | _aeng | ||
| 082 | _a340 DIA | ||
| 100 |
_aDIAS,R W M _96870 |
||
| 245 | _aJurisprudence | ||
| 250 | _a5'th | ||
| 260 |
_aHaryana _bLexisnexis _c2013 |
||
| 300 | _a520p. | ||
| 650 |
_aLAW _95701 |
||
| 942 | _cBK | ||